Loading...
| History - World | 0 | 4 | 0 | 1 | 40 | 52 | 75.50 | 0 | 2 | 0.00 | 0.00 |
| Mythology | 0 | 4 | 1 | 1 | 35 | 27 | 66.25 | 2 | 3 | 0.00 | 0.00 |
| Fine Arts - Classical Music | 0 | 3 | 0 | 0 | 30 | 61 | 81.67 | 0 | 2 | 0.00 | 0.00 |
| History - American | 0 | 3 | 0 | 1 | 30 | 64 | 91.67 | 0 | 2 | 0.00 | 0.00 |
| History - European | 0 | 3 | 1 | 1 | 25 | 63 | 87.00 | 0 | 1 | 0.00 | 0.00 |
| Social Science | 0 | 2 | 0 | 1 | 20 | 108 | 120.00 | 0 | 1 | 0.00 | 0.00 |
| Geography/Current Events | 0 | 2 | 0 | 0 | 20 | 60 | 70.50 | 1 | 2 | 0.00 | 0.00 |
| Religion | 0 | 2 | 0 | 0 | 20 | 80 | 94.00 | 1 | 1 | 0.00 | 0.00 |
| Science - Other | 0 | 2 | 0 | 2 | 20 | 111 | 124.00 | 0 | 0 | 0.00 | 0.00 |
| Science - Physics | 0 | 2 | 0 | 0 | 20 | 52 | 72.50 | 1 | 1 | 0.00 | 0.00 |
| Pop Culture | 0 | 1 | 0 | 0 | 10 | 109 | 109.00 | 0 | 0 | 0.00 | 0.00 |
| Literature - British | 0 | 1 | 0 | 0 | 10 | 126 | 126.00 | 0 | 0 | 0.00 | 0.00 |
| Fine Arts - Other | 0 | 1 | 0 | 0 | 10 | 122 | 122.00 | 0 | 0 | 0.00 | 0.00 |
| Other Academic | 0 | 1 | 0 | 0 | 10 | 43 | 43.00 | 1 | 1 | 0.00 | 0.00 |
| Literature - European | 0 | 1 | 1 | 0 | 5 | 104 | 104.00 | 0 | 0 | 0.00 | 0.00 |
| Science - Chemistry | 0 | 0 | 1 | 0 | -5 | 0.00 | 0 | 0 | 0.00 | 0.00 | |
| Fine Arts - Visual | 0 | 0 | 1 | 0 | -5 | 0.00 | 0 | 0 | 0.00 | 0.00 | |
| History - Other | 0 | 0 | 1 | 0 | -5 | 0.00 | 0 | 0 | 0.00 | 0.00 |